Countries of the World Animaniacs Song - Statistics

General Stats
  • This quiz has been taken 226 times
  • The average score is 64 of 195
Answer Stats
% Correct
{United States},
100%
{Canada},
99%
{Mexico},
99%
{Panama},
95%
{Haiti},
92%
{Peru},
91%
{Jamaica},
90%
{Cuba},
84%
{El Salvador} too.
83%
{Republic Dominican},
82%
{Greenland},
78%
{Caribbean},
76%
{Columbia},
73%
{Puerto Rico},
73%
{Venezuela},
71%
{Honduras},
67%
{Guyana} and still,
66%
and {Germany} now in one piece,
61%
{Brazil}.
61%
and {Ecuador},
60%
{Chile},
60%
then {Argentina},
59%
{Bolivia},
58%
and {Greece}.
57%
{Costa Rica},
56%
{Turkey}
55%
{Italy},
54%
{Nicaragua},
54%
{Belize},
53%
and {Finland}
52%
and {Guam}.
52%
and {Iceland}
52%
and {Sweden}
52%
{Norway}
52%
{Austria},
50%
{Bermuda},
50%
{Guatemala},
50%
{Paraguay},
49%
{Switzerland},
49%
{Uruguay},
49%
{Bahamas},
48%
{Barbados},
48%
{Czechoslovakia},
48%
{San Juan},
48%
{Albania},
47%
and {French Guiana},
47%
{Scotland},
47%
{Ireland},
46%
{Oman},
46%
{Poland},
46%
{Romania},
46%
{Russia},
46%
{Suriname},
45%
{Tobago},
44%
and {Spain}.
42%
both {Yemens},
42%
{Bulgaria},
42%
{Lebanon},
42%
and {Bahrain},
41%
{Cyprus},
41%
{Denmark},
41%
{England},
41%
{France},
41%
{Hungary},
41%
{Israel},
41%
{Jordan},
41%
{Saudi Arabia},
41%
the {Netherlands},
41%
There's {Syria},
41%
and {Iran}.
40%
{Iraq},
40%
and {Bangladesh} Asia,
39%
and {Portugal},
39%
{Belgium},
39%
{Kuwait},
39%
{Luxembourg},
39%
and {Bhutan}.
38%
and {China},
38%
{India},
38%
{Japan}.
38%
{Korea},
38%
{Pakistan},
38%
{Afghanistan},
37%
{Burma},
37%
{Malaysia},
37%
{Nepal},
37%
{Thailand},
37%
{Kampuchia},
36%
and {Tibet},
35%
{Indonesia},
35%
{Mongolia},
35%
{Laos},
34%
{Taiwan},
33%
and {Vietnam},
31%
The {Philippine Islands},
30%
and {Borneo},
29%
{Sri Lanka},
29%
{New Zealand},
28%
{Morocco},
27%
{Sumatra},
27%
{Uganda},
26%
{Angola},
25%
{Botswana},
25%
{Djibouti},
25%
{Mozambique},
25%
{Swaziland},
25%
{Tunisia},
25%
{Zambia},
25%
{Zimbabwe},
25%
and {Gabon}.
24%
and {Liberia},
24%
and {Mali},
24%
and {Togo}
24%
{Benin},
24%
{Chad},
24%
{Egypt},
24%
{Gambia},
24%
{Ghana}.
24%
{Guinea},
24%
{Kenya},
24%
{New Guinea},
24%
{Niger},
24%
{Nigeria},
24%
{Somalia},
24%
the {Spanish Sahara} is gone,
24%
{Algeria},
23%
{Tanzania},
23%
and {Cameroon},
22%
and {Malawi},
22%
{Burundi},
22%
{Congo},
22%
{Ethiopia},
22%
{Lesotho},
22%
{Senegal},
22%
{Sierra Leone},
22%
{Libya},
21%
{Madagascar},
21%
{Dahomey},
20%
{Guinea-Bissau},
20%
{Namibia},
20%
{Rwanda},
20%
{Zaire}.
20%
{Sudan}.
19%
and {Cayman},
18%
{Australia},
18%
{Crete},
18%
{Fiji},
18%
{Hong Kong},
18%
{Malta},
18%
{Monaco},
18%
{Qatar},
18%
then {Transylvania},
18%
{Yugoslavia},
18%
and {Palestine},
17%
{Liechtenstein}
17%
{Mauritania},
17%
{Abu Dhabi},
16%
and {Algers},
10%
the {Soviet Union} is gone,
10%
{Uzbekistan}, Hey
8%
and {Bosnia and Herzegovina},
7%
{Kazakhstan}, Hey
7%
{Maore},
7%
then there's {Tajikistan} too, Hey
7%
{Turkmenistan}, Hey
7%
{Palau}.
6%
and {Latvia},
5%
{Armenia},
5%
{Azerbaijan}.
5%
{Belarus},
5%
{Dubai} Goodbye!
5%
{Georgia},
5%
{Kyrgyzstan},
5%
{Lithuania},
5%
{Moldova},
5%
{Montenegro}
5%
{South Africa},
5%
{Tonga},
5%
{Brunei},
4%
the {Balkans},
4%
{US Samoa},
4%
and {Cape Verde},
3%
and {Crimea},
3%
and {Estonia},
3%
here's {Macedonia},
3%
{Ivory Coast}
3%
{Kosovo},
3%
{Macau},
3%
{New Caledonia},
3%
{Serbia},
3%
then {Eastern Slavonia},
3%
then {Eritrea},
3%
{Ukraine}
3%
{Andorra},
2%
the {Soloman Islands},
1%
No matching quizzes found
Score Distribution
Percent of People with Each Score
Percentile by Number Answered
Your Score History
You have not taken this quiz